000 00296nam a22001217a 4500
008 170224b xxu||||| |||| 00| 0 eng d
041 _aeng
080 _25 ED
_a616 31
100 _a5
101 _aSHS
245 _aLOCAL ANESTHESIA AND PAIN CONTROL DENTAL PRACTICE
_cBENNET.R.C
942 _2udc
_cBK
999 _c6185
_d6185